Národní banka Slovenska bilancuje
Hospodársky vývoj Slovenska v r. 1994 - bilancia NBS. Inflácia a vývoj cien. Zahraničný kapitál. Zahraničný obchod. Vývoj devízových rezerv. Vývoj vkladov a úverov. Rozpočtové hospodárenie a vnútorná zadlženosť vlády. Dlhová služba NBS a vlády SR. Menová politika.
Salvato in:
| Autore principale: | |
|---|---|
| Natura: | Capitolo di libro |
| Lingua: | ceco |
| Soggetti: | |
| Tags: |
Nessun Tag, puoi essere il primo ad aggiungerne!!
|
MARC
| LEADER | 00000naa a2200000 4500 | ||
|---|---|---|---|
| 001 | r017913 | ||
| 005 | 20221208130744.4 | ||
| 041 | 0 | |a cze | |
| 044 | |a CZ | ||
| 245 | 1 | 0 | |a Národní banka Slovenska bilancuje |c M. Zábojníková |
| 520 | |a Hospodársky vývoj Slovenska v r. 1994 - bilancia NBS. Inflácia a vývoj cien. Zahraničný kapitál. Zahraničný obchod. Vývoj devízových rezerv. Vývoj vkladov a úverov. Rozpočtové hospodárenie a vnútorná zadlženosť vlády. Dlhová služba NBS a vlády SR. Menová politika. | ||
| 610 | 2 | 0 | |a NBS Bratislava |
| 610 | 2 | 0 | |a inflácia |
| 610 | 2 | 0 | |a ceny |
| 610 | 2 | 0 | |a kapitál zahraničný |
| 610 | 2 | 0 | |a obchod zahraničný |
| 610 | 2 | 0 | |a rezervy devízové |
| 610 | 2 | 0 | |a vklady |
| 610 | 2 | 0 | |a úver |
| 610 | 2 | 0 | |a rozpočet štátny |
| 610 | 2 | 0 | |a zadlženosť vnútorná |
| 610 | 2 | 0 | |a dlhy |
| 610 | 2 | 0 | |a politika menová |
| 610 | 2 | 0 | |a Slovensko |
| 610 | 2 | 0 | |a politika rozpočtová |
| 100 | 1 | |a Zábojníková, M. | |